Statistics for All Modern-Day Countries Ever Controlled by Portugal

Click here to take the quiz!

General Stats

  • This quiz has been taken 28,243 times
  • The average score is 42 of 49

Answers on the Map

Answers color-coded by a green-red scale on the quiz's map according to % correct below.
 

Answer Stats

Countries% Correct
Brazil
100%
Portugal
98%
Morocco
96%
Angola
95%
India
95%
Uruguay
95%
Mozambique
94%
Indonesia
93%
Oman
93%
Yemen
93%
Sri Lanka
92%
Democratic Republic of the Congo
91%
Guyana
91%
Somalia
91%
China
90%
Zambia
90%
Zimbabwe
90%
Qatar
89%
Cape Verde
88%
Kenya
88%
Madagascar
88%
Senegal
88%
Spain
88%
Tanzania
88%
France
87%
Malawi
87%
Myanmar
87%
Sudan
87%
Bangladesh
86%
East Timor
86%
Eritrea
86%
Ghana
86%
Malaysia
86%
Mauritania
86%
Japan
85%
São Tomé and Príncipe
85%
Benin
84%
Maldives
84%
Guinea-Bissau
83%
Philippines
81%
Mauritius
79%
Republic of the Congo
79%
Saudi Arabia
78%
Bahrain
77%
United Arab Emirates
75%
Equatorial Guinea
73%
United Kingdom
(Saint Helena)
73%
Barbados
66%
Iran
63%

Score Distribution

Percentile by Number Answered

Percent of People with Each Score

Your Score History

You have not taken this quiz